| 000 | 00549nam a2200181Ia 4500 | ||
|---|---|---|---|
| 005 | 20260601193257.0 | ||
| 008 | 260601s9999||||xx |||||||||||||| ||und|| | ||
| 020 |
_a978-3-031-71379-8 _qebk |
||
| 100 | _aEmil Sekerinski | ||
| 245 | 0 | _aFormal Methods Teaching | |
| 250 | _a2024 | ||
| 260 |
_aHeidelberg, Germany _bSpringer Nature _c2024 |
||
| 440 | _aLecture Notes in Computer Science | ||
| 650 | _aComputer Science | ||
| 700 | _aLeila Ribeiro | ||
| 856 | _uhttps://link.springer.com/openurl?genre=book&isbn=978-3-031-71379-8 | ||
| 942 |
_cEB _2ddc |
||
| 999 |
_c56894 _d56894 |
||